world war 2 - Statistics

General Stats
  • This quiz has been taken 11 times
  • The average score is 4 of 15
Answer Stats
Hint Answer % Correct
on which place did allied troops of U.S.A, Canada, UK and france land on Normandy
100%
where was the Aushwitz concentration camp located (country) Poland
82%
on which battle event is the movie enemy at the gates based on battle of stalingrad
64%
which american president commanded the air force to drop a nuclear bomb on hiroshima Full name.. Harry S Truman
64%
which event was the only event when the airforce of britain was ever tested after world war 1 Battle of britain
45%
Which part of the army did the man in the above command (answer the german name) Luftwaffe
27%
which city was the last city in french control before the wehrmacht conquered france Dunkirk
18%
who was Hiler's wingman during world war 2 (Full name) Herman Goring
18%
what was the first event that lead to world war 2( name of event,place and the year) invasion,poland,1939
9%
which country believed that its leader led to the fall of the japnese army (Name of the leader and the country Kim Il Sun, North Korea
9%
which counter attack plan did Hitler plan when he was struck with paranoia conquering of Antwerp
0%
who invented the british rdf radar system (Full name) Edward George bowen
0%
which was the main attacker plane for the soviet air force during the battle with the wehrmacht (full name of the plane) Ilyushin Il-2
0%
which was the tank that the allied forces feared most Jagdpanther
0%
What type of tank was the tank given above tank destroyer
0%
No matching quizzes found
Score Distribution
Percent of People with Each Score
Percentile by Number Answered
Your Score History
You have not taken this quiz